|
|
|
|
| LEADER |
00000nab a2200000uu 4500 |
| 001 |
vtls011445879 |
| 003 |
SK-MaSNL |
| 005 |
20260304014627.0 |
| 008 |
241209|1975 xo |||||||||||||||||slo| |
| 015 |
|
|
|a SNBRB
|
| 035 |
|
|
|a (urnnbn)urn:nbn:sk:snk:ar-003zv9
|
| 035 |
|
|
|a (uuid)740ede30-75d5-4087-9da3-9635a28cf954
|
| 035 |
|
|
|a urn:nbn:sk:snk-abcj3y
|
| 040 |
|
|
|a SNKBUCL
|b slo
|c SNKBUCL
|e AACR2
|
| 041 |
1 |
|
|a slo
|h spa
|
| 044 |
|
|
|a xo
|c SK
|
| 100 |
1 |
|
|a Jamís, Fayad,
|d 1930-1988
|4 aut
|9 242972
|
| 245 |
1 |
0 |
|a Smrť ; Priatelia
|c Fayad Jamis
|
| 655 |
|
7 |
|a kubánska poézia
|2 SNKPH
|9 398472
|
| 740 |
0 |
2 |
|a Priatelia
|
| 773 |
0 |
|
|t Revue svetovej literatúry
|g Roč. 11, č. 4 (1975), s. 46-47
|
| 958 |
|
|
|a OND
|
| 958 |
|
|
|a EUIPO
|
| 958 |
|
|
|a article16
|
| 999 |
|
|
|c 2586431
|d 2588361
|